00578nam a22001337a 4500008004100000020001800041040005500059080002400114245015800138260004300296300001000339500007900349650001600428230621b |||||||| |||| 00| 0 eng d a0-86010-669-1 aNational Science LibrarycNational Science Library a626.02(082.2)bM5.4 aAdvances in underwater technology and offshore engineeringc/ Proceedings of an international conference...................................4-5 June, 1985 aLondon: bGraham & Trotman Ltd, c1985 a267p. aVol. 4 Evaluation, comparison and calibration of oceanographic instruments aProceedings